Banks powering Khadi through finance (Record no. 532371)

000 -LEADER
fixed length control field 00792nam a22001337a 4500
008 - FIXED-LENGTH DATA ELEMENTS--GENERAL INFORMATION
fixed length control field 260130b ||||| |||| 00| 0 eng d
100 ## - MAIN ENTRY--PERSONAL NAME
Personal name Singh, Satish
245 ## - TITLE STATEMENT
Title Banks powering Khadi through finance
260 ## - PUBLICATION, DISTRIBUTION, ETC. (IMPRINT)
Place of publication, distribution, etc Kurukshetra
300 ## - PHYSICAL DESCRIPTION
Extent 74(2), Dec, 2025: p.28-31
520 ## - SUMMARY, ETC.
Summary, etc Banks play significant role in promoting Khadi and village industries by offering financial support and loans to these small enterprises. This financial assistance not only fosters local craftsmanship but also generates employment opportunities within rural communities. By supporting these industries, banks contribute substantially to village development, thereby strengthening both the local economy and the broader economic landscape. – Reproduced
773 ## - HOST ITEM ENTRY
Main entry heading Kurukshetra
942 ## - ADDED ENTRY ELEMENTS (KOHA)
Item type Articles
Holdings
Withdrawn status Lost status Source of classification or shelving scheme Damaged status Not for loan Permanent location Current location Date acquired Serial Enumeration / chronology Barcode Date last seen Koha item type
          Indian Institute of Public Administration Indian Institute of Public Administration 2026-01-30 74(2), Dec, 2025: p.28-31 AR137991 2026-01-30 Articles

Powered by Koha